[Event "Titled Tuesday intern op 16th Apr Early"]
[Site "Chess.com INT"]
[Date "2024.04.16"]
[Round "9"]
[White "Mende, Andreas"]
[Black "Begunov, Konstantin"]
[Result "0-1"]
[WhiteElo "2101"]
[BlackElo "2325"]
[PlyCount "28"]
[EventDate "2024.04.16"]
[EventType "swiss (blitz)"]
[EventRounds "11"]
[EventCountry "USA"]
[SourceTitle "CB17_2024"]
[SourceDate "2024.04.24"]
[SourceVersion "1"]
[SourceVersionDate "2024.04.24"]
[SourceQuality "1"]

1. c4 c6 2. g3 d5 3. Nf3 Nf6 4. Bg2 Bf5 5. Qb3 Qc8 6. cxd5 cxd5 7. 0-0 Nc6 8. d3 e6 9. Bf4 Be7 10. Nc3 0-0 11. Rac1 Bg4 12. h3 Bxf3 13. Bxf3 Nd4 14. Bg2 Nxb3 0-1

[Event "Titled Tuesday intern op 02nd Apr Early"]
[Site "Chess.com INT"]
[Date "2024.04.02"]
[Round "8"]
[White "Acosta Villarroel, Lorner Justus"]
[Black "Begunov, Konstantin"]
[Result "1-0"]
[WhiteElo "2168"]
[BlackElo "2325"]
[PlyCount "73"]
[EventDate "2024.04.02"]
[EventType "swiss (blitz)"]
[EventRounds "11"]
[EventCountry "USA"]
[SourceTitle "CB15_2024"]
[SourceDate "2024.04.10"]
[SourceVersion "1"]
[SourceVersionDate "2024.04.10"]
[SourceQuality "1"]

1. Nf3 d5 2. e3 c6 3. c4 Nf6 4. Qc2 Bg4 5. Be2 Nbd7 6. d4 e6 7. Nbd2 Bf5 8. Bd3 Bxd3 9. Qxd3 Bb4 10. 0-0 Qe7 11. a3 Bxd2 12. Nxd2 Nb6 13. b3 0-0 14. Bb2 Rfd8 15. Qc2 Rac8 16. a4 Qc7 17. h3 Nbd7 18. Rac1 a6 19. Rfe1 Qb8 20. e4 dxe4 21. Nxe4 Nxe4 22. Qxe4 Qc7 23. d5 exd5 24. cxd5 Nf8 25. dxc6 bxc6 26. h4 Ne6 27. Be5 Qd7 28. Rc3 Qd5 29. Qg4 Qd2 30. Rce3 Rd5 31. R1e2 Qd1+ 32. Kh2 h6 33. Rg3 g6 34. Qf3 Qd3 35. Qf6 Rxe5 36. Rxe5 Qd4 37. Rxe6 1-0

[Event "Titled Tuesday intern op 02nd Apr Early"]
[Site "Chess.com INT"]
[Date "2024.04.02"]
[Round "7"]
[White "Begunov, Konstantin"]
[Black "Gokhale, Rishabh Chandrashek"]
[Result "1-0"]
[WhiteElo "2325"]
[BlackElo "2079"]
[PlyCount "79"]
[EventDate "2024.04.02"]
[EventType "swiss (blitz)"]
[EventRounds "11"]
[EventCountry "USA"]
[SourceTitle "CB15_2024"]
[SourceDate "2024.04.10"]
[SourceVersion "1"]
[SourceVersionDate "2024.04.10"]
[SourceQuality "1"]

1. d4 Nf6 2. c4 c5 3. Nf3 g6 4. Nc3 Bg7 5. g3 0-0 6. Bg2 d6 7. 0-0 cxd4 8. Nxd4 Nc6 9. Nc2 Be6 10. b3 Rc8 11. Bb2 Qd7 12. Ne3 Bh3 13. Bxh3 Qxh3 14. f3 Nh5 15. Qd2 Bh6 16. f4 Bg7 17. Ncd5 Bxb2 18. Qxb2 e6 19. Nf6+ Nxf6 20. Qxf6 Qh6 21. Rad1 Rfd8 22. Rd2 Rd7 23. Rfd1 Rcd8 24. Ng4 Qf8 25. Qb2 f5 26. Nf6+ Kf7 27. Nxd7 Rxd7 28. Qa3 h5 29. Rxd6 Kg8 30. Qc5 Rxd6 31. Qxd6 Qf7 32. b4 h4 33. b5 Ne7 34. Kg2 hxg3 35. hxg3 g5 36. Qd8+ Kh7 37. Rd7 Qh5 38. Qxe7+ Kg6 39. Qf7+ Kh6 40. Qh7# 1-0

[Event "Titled Tuesday intern op 12th Mar Early"]
[Site "Chess.com INT"]
[Date "2024.03.12"]
[Round "7"]
[White "Ishvi, Aggarwal"]
[Black "Begunov, Konstantin"]
[Result "0-1"]
[WhiteElo "1959"]
[BlackElo "2325"]
[PlyCount "144"]
[EventDate "2024.03.12"]
[EventType "swiss (blitz)"]
[EventRounds "11"]
[EventCountry "USA"]
[SourceTitle "CB12_2024"]
[SourceDate "2023.10.01"]
[SourceVersion "1"]
[SourceVersionDate "2023.10.01"]
[SourceQuality "1"]

1. d4 d5 2. c4 c6 3. Nf3 Nf6 4. g3 Bf5 5. Nc3 e6 6. Qb3 Qb6 7. c5 Qxb3 8. axb3 a6 9. b4 Ne4 10. Bg2 Nd7 11. 0-0 Rc8 12. Nh4 Nxc3 13. bxc3 Bc2 14. Ra2 Bb3 15. Rb2 Bc4 16. Re1 Be7 17. Nf3 f5 18. Ng5 Bxg5 19. Bxg5 Kf7 20. f3 h6 21. Bc1 Nf6 22. Bf4 Rce8 23. Be5 Nd7 24. Bd6 e5 25. e4 exd4 26. cxd4 dxe4 27. fxe4 fxe4 28. Bxe4 Nf6 29. Be5 Nxe4 30. Rxe4 Rhf8 31. Rb1 g5 32. Rbe1 Kg6 33. Bd6 Rxe4 34. Rxe4 Rf1+ 35. Kg2 Rb1 36. Re7 Rb2+ 37. Kg1 Rxb4 38. Be5 Kf5 39. h3 Ke4 40. Re8 Kf3 41. Rf8+ Ke4 42. Re8 Rb1+ 43. Kf2 Rb2+ 44. Kg1 Kd3 45. Bg7 Rb1+ 46. Kf2 Rb2+ 47. Kg1 Bd5 48. Bxh6 Rg2+ 49. Kf1 Rxg3 50. Re5 Kxd4 51. Rxg5 Rxh3 52. Bg7+ Kxc5 53. Bf8+ Kc4 54. Rg7 b5 55. Ke2 a5 56. Ra7 a4 57. Rg7 a3 58. Kd1 a2 59. Ra7 Kb3 60. Bg7 Rh1+ 61. Kd2 c5 62. Ra5 Bc4 63. Bf6 Rh2+ 64. Ke3 Rh3+ 65. Kf4 Rh1 66. Ke3 Re1+ 67. Kd2 Re2+ 68. Kd1 Kb4 69. Ra7 Rf2 70. Bg7 Rg2 71. Bh8 Bd5 72. Ra6 c4 0-1

[Event "Titled Tuesday intern op 19th Dec Early"]
[Site "Chess.com INT"]
[Date "2023.12.19"]
[Round "3"]
[White "Begunov, Konstantin"]
[Black "Hajiyev, Kanan"]
[Result "1-0"]
[WhiteElo "2325"]
[BlackElo "2135"]
[PlyCount "117"]
[EventDate "2023.12.19"]
[EventType "swiss (blitz)"]
[EventRounds "11"]
[EventCountry "USA"]
[SourceTitle "CB52_2023"]
[SourceDate "2023.12.27"]
[SourceVersion "1"]
[SourceVersionDate "2023.12.27"]
[SourceQuality "1"]

1. d4 d5 2. c4 c6 3. Nc3 Nf6 4. cxd5 cxd5 5. Bf4 a6 6. e3 Nc6 7. Nf3 Bg4 8. h3 Bh5 9. g4 Bg6 10. Ne5 Nxe5 11. dxe5 Ne4 12. Qxd5 Nxc3 13. Qxd8+ Rxd8 14. bxc3 e6 15. f3 Ba3 16. Rd1 Ke7 17. e4 Bb2 18. Bg5+ f6 19. exf6+ gxf6 20. Rxd8 Rxd8 21. Bd2 Rc8 22. c4 Ba3 23. Bd3 e5 24. Ke2 Bf7 25. Rb1 Rc7 26. Bb4+ Bxb4 27. Rxb4 h6 28. Kd2 Be8 29. Rb6 Bc6 30. Kc3 Kd6 31. Be2 h5 32. Rb2 Ke7 33. Rd2 Ke6 34. Kb4 Rh7 35. Bd1 Rh8 36. Kc5 Rc8 37. Kb6 Rh8 38. c5 Ke7 39. Rd6 hxg4 40. hxg4 Rh1 41. Bb3 Rb1 42. Re6+ Kd7 43. Rxf6 Ba4 44. Kxb7 Bxb3 45. axb3 Rxb3+ 46. Kxa6 Kc7 47. g5 Rb1 48. g6 Rg1 49. Kb5 Rc1 50. Rf7+ Kd8 51. g7 Rb1+ 52. Kc6 Rg1 53. Rf8+ Ke7 54. g8Q Rg6+ 55. Qxg6 Kxf8 56. Qh7 Ke8 57. Kd6 Kf8 58. Ke6 Ke8 59. Qe7# 1-0

[Event "Titled Tuesday intern op 12th Dec Early"]
[Site "Chess.com INT"]
[Date "2023.12.12"]
[Round "2"]
[White "Reinecke, Katharina"]
[Black "Begunov, Konstantin"]
[Result "0-1"]
[WhiteElo "1884"]
[BlackElo "2325"]
[PlyCount "70"]
[EventDate "2023.12.12"]
[EventType "swiss (blitz)"]
[EventRounds "11"]
[EventCountry "USA"]
[SourceTitle "CB51_2023"]
[SourceDate "2023.12.20"]
[SourceVersion "1"]
[SourceVersionDate "2023.12.20"]
[SourceQuality "1"]

1. d4 d5 2. c4 c6 3. Nf3 Nf6 4. g3 Bf5 5. Bg2 e6 6. 0-0 Nbd7 7. Nc3 Bd6 8. b3 Qe7 9. Bb2 Ne4 10. Nd2 Nxd2 11. Qxd2 Nf6 12. Rac1 0-0 13. h3 Bb4 14. Qe3 h6 15. Kh2 Rfd8 16. c5 Re8 17. a3 Ba5 18. b4 Bc7 19. f4 b6 20. Qd2 bxc5 21. bxc5 Rab8 22. e3 Ba5 23. Qe2 Rb3 24. Nd1 Reb8 25. Ra1 Ne4 26. Bxe4 Bxe4 27. Ra2 Bd3 28. Qf2 Bxf1 29. Qxf1 Qb7 30. Qe2 Qb5 31. Qxb5 R8xb5 32. g4 Rd3 33. Nf2 Rd2 34. Kg3 Rbxb2 35. Rxb2 Rxb2 0-1